[Event "Victoria-ch qual"]
[Site "Melbourne"]
[Date "2006.10.19"]
[Round "6"]
[White "Bakanursky, Joshua"]
[Black "Reid, Bill"]
[Result "1/2-1/2"]
[WhiteElo "1653"]
[BlackElo "1537"]
[PlyCount "84"]
[EventDate "2006.10.05"]
[EventType "tourn"]
[EventRounds "9"]
[EventCountry "AUS"]
[SourceTitle "EXT 2008"]
[Source "ChessBase"]
[SourceDate "2007.11.25"]
[SourceVersion "1"]
[SourceVersionDate "2007.11.25"]
[SourceQuality "1"]

1. e4 d5 2. exd5 Qxd5 3. Nf3 g6 4. Nc3 Qd6 5. Bc4 Bg7 6. 0-0 Nf6 7. d3 a6 8. Ng5 e6 9. Qf3 0-0 10. Nce4 Nxe4 11. Nxe4 Qc6 12. Qh3 Nd7 13. Bg5 b5 14. Bb3 Bb7 15. c3 Qb6 16. Rae1 Bxe4 17. Rxe4 Nf6 18. Rf4 Nd5 19. Rf3 Qd6 20. Re1 Rae8 21. Re4 c6 22. Rh4 h5 23. g4 hxg4 24. Rxg4 Qe5 25. Qh4 f5 26. Rgg3 Kf7 27. Bf4 Nxf4 28. Rxf4 Rh8 29. Qg5 Rh6 30. Rgf3 Qe1+ 31. Kg2 Reh8 32. h4 Bf6 33. Qg3 Rxh4 34. Rxh4 Rxh4 35. Qc7+ Be7 36. Rh3 Rxh3 37. Kxh3 Qh1+ 38. Qh2 Qf3+ 39. Qg3 Qh1+ 40. Qh2 Qxh2+ 41. Kxh2 Kf6 42. d4 Bd6+ 1/2-1/2

[Event "Victoria-ch qual"]
[Site "Melbourne"]
[Date "2006.10.07"]
[Round "2"]
[White "Bearup, Paul"]
[Black "Reid, Bill"]
[Result "1/2-1/2"]
[WhiteElo "1637"]
[BlackElo "1537"]
[PlyCount "121"]
[EventDate "2006.10.05"]
[EventType "tourn"]
[EventRounds "9"]
[EventCountry "AUS"]
[SourceTitle "EXT 2008"]
[Source "ChessBase"]
[SourceDate "2007.11.25"]
[SourceVersion "1"]
[SourceVersionDate "2007.11.25"]
[SourceQuality "1"]

1. e4 d5 2. exd5 Qxd5 3. Nf3 Nf6 4. Nc3 Qd6 5. b3 g6 6. a4 Bg7 7. Ba3 Qd8 8. Bc4 0-0 9. 0-0 Bg4 10. h3 Bxf3 11. Qxf3 c6 12. Rae1 Re8 13. Ne4 Nbd7 14. Ng5 e6 15. h4 h6 16. Nh3 Nd5 17. Qg3 N7f6 18. Nf4 Nxf4 19. Qxf4 Qd7 20. Bd3 Rad8 21. Re2 Nd5 22. Qf3 Nf6 23. Rfe1 Qd4 24. g3 Qd5 25. Qf4 Nh5 26. Qg4 Nf6 27. Qh3 h5 28. Bb4 Ng4 29. Bc3 Bxc3 30. dxc3 Qc5 31. c4 Rd4 32. Qg2 Kg7 33. Re4 Red8 34. Qf3 Rxe4 35. Rxe4 Rd7 36. Re2 Ne5 37. Qe3 Qxe3 38. Rxe3 Ng4 39. Re1 c5 40. f3 Nf6 41. Kf2 Rd6 42. Ke2 Kf8 43. Rd1 Ke7 44. Ke3 Nd7 45. Rd2 Ne5 46. Be4 b6 47. Rxd6 Kxd6 48. Kf4 f5 49. Bd3 Nf7 50. g4 e5+ 51. Kg3 Ke6 52. gxh5 gxh5 53. f4 Nh6 54. fxe5 Kxe5 55. c3 a5 56. Kf3 Ng4 57. Be2 Nh2+ 58. Kg3 Ng4 59. Kf3 Nh2+ 60. Kg3 Ng4 61. Kf3 1/2-1/2